| 000 | 02768nam0a22004451 4500 | ||
|---|---|---|---|
| 001 | rc\1073457 | ||
| 005 | 20260406030825.0 | ||
| 035 | _a(NLR Aleph) 006233148 | ||
| 090 |
_a6593532 _c6593532 |
||
| 100 | _a20041129d1980 |||y0rusy50 ca | ||
| 101 | 0 | _arus | |
| 102 | _aRU | ||
| 105 | _aa ||||||||| | ||
| 200 | 1 |
_aСнега Олимпа _eНауч.-фантаст. рассказы _fДмитрий Биленкин _g[Худож. В. Бахтин] |
|
| 210 |
_aМ. _cМол. гвардия _d1980 |
||
| 215 |
_a271 с. _cил. _d16 |
||
| 225 | 1 | _aБиблиотека советской фантастики | |
| 327 | 1 | _aСодерж.: Снега Олимпа; Время Тукина; Сокровища Нерианы; Операция на совести; Практика воображения; Звездный аквариум; Гениальный дом; Четвертая производная; Мгновение чуда; Праздник неба; Дырка в стене; Земные приманки; Исключение из правил; Точка зрения; Видящие нас; Создан, чтобы летать | |
| 464 | 0 |
_12001#$aСнега Олимпа _tСнега Олимпа |
|
| 464 | 0 |
_12001#$aВремя Тукина _tВремя Тукина |
|
| 464 | 0 |
_12001#$aСокровища Нерианы _tСокровища Нерианы |
|
| 464 | 0 |
_12001#$aОперация на совести _tОперация на совести |
|
| 464 | 0 |
_12001#$aПрактика воображения _tПрактика воображения |
|
| 464 | 0 |
_12001#$aЗвездный аквариум _tЗвездный аквариум |
|
| 464 | 0 |
_12001#$aГениальный дом _tГениальный дом |
|
| 464 | 0 |
_12001#$aЧетвертая производная _tЧетвертая производная |
|
| 464 | 0 |
_12001#$aМгновение чуда _tМгновение чуда |
|
| 464 | 0 |
_12001#$aПраздник неба _tПраздник неба |
|
| 464 | 0 |
_12001#$aДырка в стене _tДырка в стене |
|
| 464 | 0 |
_12001#$aЗемные приманки _tЗемные приманки |
|
| 464 | 0 |
_12001#$aИсключение из правил _tИсключение из правил |
|
| 464 | 0 |
_12001#$aТочка зрения _tТочка зрения |
|
| 464 | 0 |
_12001#$aВидящие нас _tВидящие нас |
|
| 464 | 0 |
_12001#$aСоздан, чтобы летать _tСоздан, чтобы летать |
|
| 700 | 1 |
_8rus _7ca _aБиленкин _bД. А. _f1933-1987 _gДмитрий Александрович _3RU\NLR\auth\771035 _9111069 |
|
| 801 | 0 |
_aRU _bNLR _gpsbo |
|
| 801 | 1 |
_aRU _bELAR _2rusmarc |
|
| 852 |
_aNLR _j80-2/2389 |
||
| 942 | _cBOOK | ||
| 980 | _aNB | ||